[Event "Copenhagen Chess Challenge"]
[Site "Ballerup DEN"]
[Date "2008.04.19"]
[Round "6"]
[White "Eriksson,C"]
[Black "Andersen,Dani"]
[Result "1-0"]
[WhiteElo "2129"]
[BlackElo "2010"]

1.e4 e6 2.d4 d5 3.Nc3 Nf6 4.e5 Nfd7 5.f4 c5 6.Nf3 Nc6 7.Be3 Be7 8.Qd2 O-O
9.g3 a6 10.Bg2 b5 11.dxc5 Bxc5 12.Bxc5 Nxc5 13.Nd4 Qb6 14.Nxc6 Qxc6 15.Ne2 Ne4
16.Nd4 Qb6 17.Qe3 Bb7 18.O-O f5 19.exf6 Rxf6 20.Rad1 Re8 21.c3 e5 22.fxe5 Rxf1+
23.Rxf1 Rxe5 24.Qf4 Qf6 25.Qg4 Qe7 26.Nf5 Qf6 27.Qf4 g5 28.Nh6+ Kg7 29.Qxf6+ Nxf6
30.Nf5+ Kg6 31.Nd4 Ng4 32.Bh3 Ne3 33.Rf8 g4 34.Bf1 Nxf1 35.Kxf1 Kg7 36.Rb8 Re7
37.Nf5+  1-0

[Event "26th Metz Open"]
[Site "Metz St Symphorien FRA"]
[Date "2008.04.20"]
[Round "2"]
[White "Schweitzer,V"]
[Black "Sumets,A"]
[Result "0-1"]
[WhiteElo "2218"]
[BlackElo "2532"]

1.e4 e6 2.d4 d5 3.Nc3 Nf6 4.e5 Nfd7 5.f4 c5 6.Nf3 Nc6 7.Be3 cxd4 8.Nxd4 Bc5
9.Qd2 O-O 10.O-O-O a6 11.Qf2 Bxd4 12.Bxd4 b5 13.Be3 Bb7 14.Bd3 Qe7 15.Kb1 Rac8
16.Ne2 Na5 17.Bd4 Nc4 18.Rhf1 Nc5 19.f5 exf5 20.Qxf5 Ne4 21.Bxc4 Rxc4 22.Ng3 Bc8
23.Qf4 Nxg3 24.Qxg3 Be6 25.b3 Rc6 26.Kb2 a5 27.c3 Rfc8 28.Rd2 b4 29.Rf3 a4
30.Rdd3 Qb7 31.Qe1 Qa6 32.Qd2 axb3 33.axb3 Qa3+ 34.Kb1 bxc3  0-1

[Event "TCh-HUN 2007-8"]
[Site "Budapest HUN"]
[Date "2008.04.27"]
[Round "10"]
[White "Bobras,P"]
[Black "Vass,F"]
[Result "1-0"]
[WhiteElo "2564"]
[BlackElo "2417"]

1.e4 e6 2.d4 d5 3.Nc3 Nf6 4.e5 Nfd7 5.f4 c5 6.Nf3 Nc6 7.Be3 Qb6 8.Na4 Qa5+
9.c3 cxd4 10.b4 Qc7 11.Nxd4 Nxd4 12.Bxd4 Be7 13.Bd3 Nf8 14.O-O Ng6 15.a3 Bd7
16.Nc5 O-O 17.Qh5 Rfd8 18.Nxd7 Qxd7 19.Rf3 Qe8 20.Raf1 Rac8 21.f5 exf5 22.Bxf5 Rc6
23.e6 Rxe6 24.Rh3 h6 25.Bxe6 fxe6 26.Bxg7 Bg5 27.Bxh6 Bxh6 28.Qxh6 Rd7 29.Rg3 Rg7
30.h4  1-0

[Event "Father Ivan Cvitanovic Mem"]
[Site "Split CRO"]
[Date "2008.05.05"]
[Round "8"]
[White "Zelic,Ml"]
[Black "Doric,D"]
[Result "0-1"]
[WhiteElo "2290"]
[BlackElo "2448"]

1.e4 e6 2.d4 d5 3.Nc3 Nf6 4.e5 Nfd7 5.f4 c5 6.Bd3 Nc6 7.Nf3 cxd4 8.Ne2 Bb4+
9.Bd2 Bc5 10.O-O f6 11.Ng3 O-O 12.Qe2 f5 13.Kh1 a5 14.Rg1 g6 15.Qf2 Ba7 16.Ne2 Nc5
17.g3 Ne4 18.Qg2 Bc5 19.Raf1 Kh8 20.g4 fxg4 21.Qxg4 Ne7 22.Ng3 Nf5 23.Nxe4 dxe4
24.Bxe4 d3 25.Rg2 dxc2 26.Ng5 Qe7 27.Rf3 Rd8 28.Bxc2 Bd7 29.Nxh7 Bc6 30.Nf6 Bxf3
31.Qxf3 Qf7 32.Bxf5 exf5 33.Bc3 Kg7 34.e6 Qxe6 35.Rxg6+ Kf7 36.Rg2 Qc6 37.Qh5+ Ke6
38.Qe2+ Kf7 39.Qc4+ Ke7 40.Qe2+ Kf7 41.Qc4+ Ke7 42.h3 Rd1+ 43.Kh2 Bg1+ 44.Rxg1 Qxc4  0-1

[Event "Kaupthing Open"]
[Site "Differdange LUX"]
[Date "2008.05.11"]
[Round "2"]
[White "Edouard,R"]
[Black "Berend,F"]
[Result "1-0"]
[WhiteElo "2509"]
[BlackElo "2350"]

1.e4 e6 2.d4 d5 3.Nc3 Nf6 4.e5 Nfd7 5.f4 c5 6.Nf3 Nc6 7.Be3 cxd4 8.Nxd4 Bc5
9.Qd2 O-O 10.O-O-O a6 11.Qf2 Bxd4 12.Bxd4 b5 13.Bd3 Nxd4 14.Qxd4 Qb6 15.Ne2 Rb8
16.h4 b4 17.h5 f6 18.exf6 Rxf6 19.Rhe1 Qxd4 20.Nxd4 Nc5 21.g3 Bd7 22.Re5 Rb6
23.Rf1 a5 24.Kd2 h6 25.g4 Rb8 26.f5 Nxd3 27.cxd3 Rb6 28.fxe6 Rxf1 29.exd7 Rd6
30.Re8+ Rf8 31.Nc6 Re6 32.Rxf8+  1-0

[Event "Kaupthing Open"]
[Site "Differdange LUX"]
[Date "2008.05.11"]
[Round "3"]
[White "Bauer,Ch"]
[Black "Maleki,Ma"]
[Result "1-0"]
[WhiteElo "2619"]
[BlackElo "2197"]

1.e4 e6 2.d4 d5 3.Nc3 Nf6 4.e5 Nfd7 5.f4 c5 6.Nce2 Nc6 7.c3 a6 8.Nf3 b5 9.a3 Qb6
10.f5 exf5 11.Nf4 Ne7 12.Be3 c4 13.Be2 g6 14.h4 h6 15.a4 Bg7 16.axb5 Nxe5
17.Nxe5 Bxe5 18.Bf3 Be6 19.bxa6 O-O 20.O-O Bg7 21.Qa4 Ra7 22.b4 cxb3 23.Rfb1 Rfa8
24.Be2 g5 25.Rxb3 Qd6 26.Nh5 Bd7 27.Qa2 f4 28.Bf2 Bc8 29.Qb2 g4 30.Rb6 Qc7
31.g3 Ng6 32.Bd3 Nxh4 33.Nxf4 Nf3+ 34.Kg2 Qd8 35.Rb8 Bf8 36.Qb6 Qd7 37.Ra5 Rxb8
38.Qxb8 Bd6 39.Qb6 Bxf4 40.gxf4 Kg7 41.f5 f6 42.Rc5 Ng5 43.Rxc8 Nh3 44.Bg3  1-0

[Event "11th IHEM"]
[Site "Hamburg GER"]
[Date "2008.05.14"]
[Round "6"]
[White "Huschenbeth,N"]
[Black "Hebbinghaus,H"]
[Result "0-1"]
[WhiteElo "2453"]
[BlackElo "2297"]

1.e4 e6 2.d4 d5 3.Nc3 Nf6 4.e5 Nfd7 5.f4 c5 6.Nf3 Nc6 7.Be3 cxd4 8.Nxd4 Bc5
9.Qd2 O-O 10.O-O-O a6 11.Qf2 Bb4 12.Nb1 Be7 13.h4 Qc7 14.h5 Nc5 15.Nd2 Nb4
16.Kb1 Ne4 17.Nxe4 dxe4 18.g4 b5 19.g5 Bb7 20.a3 Nd5 21.g6 Bc5 22.Bh3 Bxd4
23.Rxd4 h6 24.Rg1 f5 25.exf6 Rxf6 26.Kc1 e5 27.Rxe4 Nxf4 28.Rxf4 exf4 29.Bd4 Rc6
30.Re1 Rf8 31.c3 Bc8 32.Bg2 f3 33.Bxf3 Qf4+ 34.Re3 Re6 35.Bd5 Qxf2 36.Rxe6 Qf4+
37.Be3 Qf1+  0-1

[Event "Mayors Cup Open"]
[Site "Mumbai IND"]
[Date "2008.05.15"]
[Round "6"]
[White "Sahoo,U"]
[Black "Swayams,M"]
[Result "1-0"]
[WhiteElo "2004"]
[BlackElo "2235"]

1.e4 e6 2.d4 d5 3.Nc3 Nf6 4.e5 Nfd7 5.f4 c5 6.Nf3 Nc6 7.Be3 a6 8.Qd2 b5 9.g3 Qb6
10.Bh3 Be7 11.O-O g6 12.Ne2 Bb7 13.c3 c4 14.Bg2 Qc7 15.g4 O-O-O 16.Kf2 f6
17.Ng3 g5 18.exf6 Nxf6 19.Nxg5 Nxg4+ 20.Kg1 Bxg5 21.fxg5 Nxe3 22.Qxe3 Rhe8
23.Nh5 Kb8 24.Nf6 Re7 25.Rae1 Ka8 26.Ng4 Rg8 27.Rf6 Nd8 28.Ne5 Reg7 29.h4 Ka7
30.a3 Bc8 31.Ref1 Qd6 32.Bh3 Re8 33.Qf4 Rge7 34.Bg4 Rg8 35.Kh1 Kb7 36.Bh5 Kc7
37.Rf8 Rxf8 38.Qxf8 Bd7 39.Bg4 Re8 40.Qh6 Qe7 41.Bh5 Rg8 42.Bf7 Qf8 43.Nxd7 Qxh6
44.gxh6 Rg4 45.Ne5 Rxh4+ 46.Kg2 Rxh6 47.Rh1 Nxf7 48.Nxf7 Rg6+ 49.Kh3 Rg7
50.Ne5 Kb6 51.Re1 Kc7 52.Nf3 Kd6 53.Re2 a5 54.Kh4 h6 55.Kh5 Rg3 56.Ne5 b4
57.axb4 axb4 58.cxb4 Rb3 59.Kxh6 Rxb4 60.Kg6 Rb3 61.Nf7+ Kd7 62.Ng5 c3 63.bxc3 Rxc3
64.Nxe6 Kd6 65.Kf5 Rd3 66.Ra2 Re3 67.Ra6+ Kd7 68.Nf4 Re4 69.Ra4 Kd6 70.Nxd5 Re1
71.Nf4 Re3 72.Ra6+ Kd7 73.d5 Re1 74.Re6 Rd1 75.Rh6 Re1 76.Nd3 Re2 77.Ne5+ Kd8
78.d6 Rf2+ 79.Ke6 Rf8 80.Nc6+  1-0

[Event "ch-LTU"]
[Site "Kaunas LTU"]
[Date "2008.05.17"]
[Round "1"]
[White "Narmontas,M"]
[Black "Vaznonis,V"]
[Result "1-0"]
[WhiteElo "2376"]
[BlackElo "2417"]

1.e4 e6 2.d4 d5 3.Nc3 Nf6 4.e5 Nfd7 5.f4 c5 6.Nf3 Nc6 7.Be3 cxd4 8.Nxd4 Bc5
9.Qd2 a6 10.O-O-O O-O 11.h4 Nxd4 12.Bxd4 b5 13.Rh3 b4 14.Na4 Bxd4 15.Qxd4 a5
16.Rg3 Ba6 17.h5 Qc7 18.Kb1 Rac8 19.Qd2 Bxf1 20.Rxf1 f6 21.h6 g6 22.Qd3 Kh8
23.exf6 Nxf6 24.Re3 Ne4 25.g3 Rf6 26.Rc1 Qa7 27.c4 bxc3 28.Nxc3 Nd6 29.Ree1 Rb8
30.Nb5 Nxb5 31.Qxb5 Kg8 32.Qe2 Qb6 33.Qe5 Rf7 34.Rc6 Qb5 35.Rxe6 Rfb7 36.Re8+ Rxe8
37.Qxe8+ Qxe8 38.Rxe8+ Kf7 39.Ra8 Rb5 40.Rh8 Kf6 41.Rxh7 g5 42.Rd7 gxf4 43.h7 Rb8
44.gxf4 Rh8 45.Rxd5 Rxh7 46.Rxa5 Rh1+ 47.Kc2  1-0

[Event "ch-LTU"]
[Site "Kaunas LTU"]
[Date "2008.05.19"]
[Round "3"]
[White "Malisauskas,V"]
[Black "Vaznonis,V"]
[Result "1-0"]
[WhiteElo "2489"]
[BlackElo "2417"]

1.e4 e6 2.d4 d5 3.Nc3 Nf6 4.e5 Nfd7 5.f4 c5 6.Nf3 Nc6 7.Be3 cxd4 8.Nxd4 Bc5
9.Qd2 a6 10.O-O-O O-O 11.h4 Nxd4 12.Bxd4 b5 13.Rh3 b4 14.Na4 Bxd4 15.Qxd4 a5
16.Rg3 Ba6 17.h5 Qc7 18.h6 g6 19.Kb1 Rac8 20.Qd2 Bxf1 21.Rxf1 f6 22.Qd3 Rf7
23.exf6 Nxf6 24.Re3 Qc6 25.b3 Ng4 26.Re2 Nxh6 27.Rh1 Nf5 28.g4 d4 29.Rc1 Ne3
30.Qxd4 Nd5 31.Re4 Rcf8 32.c3 bxc3 33.Nxc3 Nf6 34.Re5 Nxg4 35.Ne4 Nxe5 36.Rxc6 Nxc6
37.Qb6 Nd8 38.Qxa5 Rxf4 39.Nd2 Nc6 40.Qc5 Nb4 41.Qd6 R8f6 42.a3 Nd5 43.a4 Rd4
44.Qh2 Rdf4 45.Qh3 g5 46.a5 Nb4 47.Qc3 e5 48.Kb2 Rd4 49.Ka3 Nd3 50.Nc4 Rc6
51.Qd2 Nf4 52.Qe1 Rd5 53.Qb4 Rc8 54.Qb7 Rdc5 55.Qe7 Ng6 56.Qxg5 Rb5 57.Ka4 Rbb8
58.Nb6 Rc3 59.b4 Kf7 60.Qf5+ Kg7 61.Nd5 Rc6 62.Qd7+  1-0

[Event "Mayors Cup Open"]
[Site "Mumbai IND"]
[Date "2008.05.19"]
[Round "11"]
[White "Ramnath,B"]
[Black "Tejas,R"]
[Result "1-0"]
[WhiteElo "2204"]
[BlackElo "2044"]

1.e4 e6 2.d4 d5 3.Nc3 Nf6 4.e5 Nfd7 5.Nce2 c5 6.c3 Nc6 7.f4 Qb6 8.Nf3 f6
9.a3 Be7 10.h4 O-O 11.Rh3 cxd4 12.cxd4 Na5 13.b4 Nc4 14.Ng3 a5 15.Bd3 f5
16.b5 a4 17.Ne2 Rd8 18.h5 Nf8 19.Kf2 Qxb5 20.Qg1 Kf7 21.g4 Qc6 22.Rg3 g6
23.Qh2 Ke8 24.hxg6 hxg6 25.Qh6 Rd7 26.gxf5 exf5 27.Bxc4 Qxc4 28.Bd2 Qc6 29.Rc1 Qe6
30.Ng5 Bxg5 31.Qxg5 Rh7 32.Rg2 Ra6 33.Bb4 Rc6 34.Nc3 Rc4 35.Kg1 Rhc7 36.Rgc2 Nh7
37.Qh4 b6 38.Nb5 Rd7 39.Nd6+ Rxd6 40.Bxd6  1-0

[Event "Guillermo Garcia Mem"]
[Site "Santa Clara CUB"]
[Date "2008.05.19"]
[Round "1"]
[White "Quezada Perez,Y"]
[Black "Cordova,Em"]
[Result "1/2-1/2"]
[WhiteElo "2567"]
[BlackElo "2518"]

1.e4 e6 2.d4 d5 3.Nc3 Nf6 4.e5 Nfd7 5.f4 c5 6.Nf3 Nc6 7.Be3 a6 8.Qd2 b5 9.dxc5 Bxc5
10.Ne2 Qb6 11.Bxc5 Nxc5 12.Ned4 Bd7 13.Nxc6 Ne4 14.Qd4 Qxc6 15.Bd3 Rc8 16.O-O-O Nc5
17.Kb1 Nxd3 18.Qxd3 Qc4 19.Nd4 Qxd3 20.Rxd3 a5 21.b3 Ke7 22.Kb2 b4 23.Re1 h6
24.Rg3 g5 25.fxg5 hxg5 26.Nf3 d4 27.h3 Rc3 28.Rg4 d3 29.cxd3 Rhc8 30.Rc4 Rxd3
31.Rxc8 Bxc8 32.Rc1 Bd7 33.Nxg5 Rg3 34.Nh7 Rxg2+ 35.Rc2 Rxc2+ 36.Kxc2 Bc6
37.Nf6 Bg2 38.h4 Bh3 39.Kd3 Bf5+ 40.Kc4 Bb1 41.Kb5 Bxa2 42.Kxa5 Bxb3 43.Kxb4 Bc2
44.h5 Kf8 45.h6 Bg6 46.Kc5 Bb1 47.Kd6 Bg6 48.Kc5 Bb1 49.Kd6 Bg6 50.Kd7 Bd3
51.Kc6 Bf5 52.Kc5 Bg6 53.Kd4 Bf5 54.Ke3 Bg6 55.Kf4 Bf5 56.Kg5 Bg6 57.Nd7+ Ke7
58.Nb8 Bb1 59.Nc6+ Kd7 60.Na7 Ke7 61.Nc8+ Kd7 62.Nd6 Ke7 63.Nb5 Bh7 64.Nd4 Bb1
65.Nc6+ Kd7  1/2-1/2

[Event "ch-LTU"]
[Site "Kaunas LTU"]
[Date "2008.05.20"]
[Round "5"]
[White "Sulskis,S"]
[Black "Sakalauskas,V"]
[Result "1-0"]
[WhiteElo "2555"]
[BlackElo "2409"]

1.e4 e6 2.d4 d5 3.Nc3 Nf6 4.e5 Nfd7 5.f4 c5 6.Nf3 Nc6 7.Be3 cxd4 8.Nxd4 Qb6
9.Qd2 Qxb2 10.Rb1 Qa3 11.Bb5 Nxd4 12.Bxd4 Bb4 13.O-O a6 14.Rb3 Qa5 15.Rfb1 Be7
16.Bxd7+ Bxd7 17.Rxb7 Rc8 18.Qe3 Rc4 19.f5 Bc8 20.Rxe7+ Kxe7 21.Qg5+ Kd7
22.fxe6+ Kc6 23.Qe7  1-0

[Event "Guillermo Garcia Mem"]
[Site "Santa Clara CUB"]
[Date "2008.05.23"]
[Round "5"]
[White "Matsuura,E"]
[Black "Cordova,Em"]
[Result "0-1"]
[WhiteElo "2500"]
[BlackElo "2518"]

1.e4 e6 2.d4 d5 3.Nc3 Nf6 4.e5 Nfd7 5.f4 c5 6.Nf3 Nc6 7.Be3 a6 8.Qd2 b5 9.dxc5 f6
10.exf6 Qxf6 11.Nd4 Bb7 12.Nxc6 Bxc6 13.Bd4 Qh6 14.b4 Be7 15.g3 O-O 16.Bg2 a5
17.bxa5 b4 18.Ne2 Nxc5 19.O-O Ne4 20.Bxe4 dxe4 21.Bb6 Rxa5 22.Nd4 Rd5 23.Qe2 Bb7
24.Nb3 e5 25.Be3 Ba6 26.Qg2 Bxf1 27.Qxe4 Qd6 28.Rxf1 exf4 29.Bxf4 Qb6+ 30.Kg2 Rd7
31.Qc4+ Kh8 32.Re1 Bd6 33.Rd1 Qb7+ 34.Qd5 Bxf4 35.Qxb7 Rxb7 36.gxf4 h6 37.Rd4 Rc8
38.Rd2 Ra7 39.Kf3 Rxa2 40.Nd4 Ra1 41.f5 Rd8 42.Ke4 Re1+ 43.Kd3 Rc8 44.Rf2 Rd1+  0-1

[Event "XXVII Open"]
[Site "Zalakarosi HUN"]
[Date "2008.05.23"]
[Round "2"]
[White "Lorand,N"]
[Black "Stavrianakis,I"]
[Result "1/2-1/2"]
[WhiteElo "2233"]
[BlackElo "2121"]

1.e4 e6 2.d4 d5 3.Nc3 Nf6 4.e5 Nfd7 5.f4 c5 6.Nf3 Nc6 7.Be3 Be7 8.Qd2 O-O
9.Be2 a6 10.O-O b5 11.Nd1 cxd4 12.Nxd4 Bb7 13.Rf3 Bc5 14.Nxc6 Bxc6 15.Bxc5 Nxc5
16.Qd4 Nd7 17.Nf2 Qb6 18.Rd1 f6 19.exf6 Qxd4 20.f7+ Rxf7 21.Rxd4 e5 22.fxe5 Nxe5
23.Rxf7 Kxf7 24.Ng4 Ke6 25.Nxe5 Kxe5 26.c3 Rf8 27.Bf3 Rf4 28.Rxf4 Kxf4 29.Kf2 a5
30.a3 a4 31.g3+ Ke5 32.Ke3 Bd7 33.h4 h6 34.h5 Bf5 35.Be2 Bd7 36.Bd3 Be8 37.Be2 Bd7
38.Bd1 Bf5 39.Be2 Bd7  1/2-1/2

[Event "NAO Open"]
[Site "Oklahoma USA"]
[Date "2008.05.25"]
[Round "5"]
[White "Imada,T"]
[Black "Madison,J"]
[Result "1-0"]
[WhiteElo "2039"]
[BlackElo "1994"]

1.e4 e6 2.d4 d5 3.Nc3 Nf6 4.e5 Nfd7 5.f4 c5 6.Nf3 a6 7.Be3 Nc6 8.Qd2 cxd4
9.Nxd4 Bb4 10.Bd3 Qa5 11.O-O Nxd4 12.Bxd4 f5 13.exf6 Nxf6 14.Qf2 Qc7 15.Qh4 Bc5
16.Bxc5 Qxc5+ 17.Kh1 Bd7 18.Rae1 O-O-O 19.f5 d4 20.fxe6 dxc3 21.exd7+ Nxd7
22.b4 Qd6 23.Qc4+ Qc7 24.Qe6 Kb8 25.Rf7 Qb6 26.Rxd7 Rde8 27.Re7 Rxe7 28.Qxe7 Rd8
29.h3 Rxd3 30.cxd3 c2 31.Qc5 c1=Q 32.Rxc1  1-0

[Event "Doroshkevich mem"]
[Site "Maykop RUS"]
[Date "2008.05.27"]
[Round "4"]
[White "Zhukov,Vi"]
[Black "Pushkov,N"]
[Result "0-1"]
[WhiteElo "2242"]
[BlackElo "2513"]

1.e4 e6 2.d4 d5 3.Nc3 Nf6 4.e5 Nfd7 5.f4 c5 6.Nf3 a6 7.Ne2 Nc6 8.c3 Qb6 9.g3 Be7
10.Bh3 cxd4 11.cxd4 O-O 12.O-O a5 13.Kh1 f5 14.g4 Qd8 15.gxf5 exf5 16.Rg1 Nb6
17.Nc3 Be6 18.Ng5 Bxg5 19.Rxg5 a4 20.Be3 Nc4 21.Bf2 Qd7 22.Nxa4 Rxa4 23.Qxa4 Nxb2
24.Qb5 Nc4 25.a4 b6 26.Rgg1 Ra8 27.Rgd1 Ra5 28.Qb3 Ne7 29.Bf1 Ng6 30.Bg3 Qa7
31.Be1 Ra6 32.Qb5 Qa8 33.Bd2 Ra7 34.Bc1 Ra5 35.Qb4 Qc6 36.Rd3 Ra7 37.Rc3 Ra5
38.Kg1 h6 39.Be2 Kh7 40.Kf2 Qc7 41.Rb1 Qd7 42.Ra1 Qd8 43.Rh3 b5 44.Bd1 Qa8
45.Rg3 Qd8 46.Rh3 Bd7  0-1

[Event "XXVII Open"]
[Site "Zalakarosi HUN"]
[Date "2008.05.29"]
[Round "8"]
[White "Szentmihalyi,D"]
[Black "Petschar,H"]
[Result "0-1"]
[WhiteElo "1956"]
[BlackElo "2084"]

1.e4 e6 2.d4 d5 3.Nc3 Nf6 4.e5 Nfd7 5.f4 c5 6.Nf3 Nc6 7.Be3 cxd4 8.Nxd4 Bc5
9.Qd2 O-O 10.Be2 Qe7 11.Bf3 Nb6 12.Qf2 Bxd4 13.Bxd4 Nxd4 14.Qxd4 Bd7 15.O-O Rac8
16.Be2 Qc5 17.Rad1 a6 18.Kh1 Nc4 19.Bxc4 Qxc4 20.Qe3 Qb4 21.f5 Rc4 22.fxe6 fxe6
23.Rxf8+ Qxf8 24.Qd3 Rf4 25.h3 Bc6 26.Re1 Rf2 27.a3 Qf4 28.Kg1 d4 29.Re4 Bxe4
30.Nxe4 Rf1+ 31.Qxf1 Qxe4 32.Qc4 Qe1+ 33.Kh2 Qxe5+ 34.Kh1 Qe1+ 35.Kh2 Qe5+
36.Kh1 Qe4 37.Qc8+ Kf7 38.Qc7+ Kf6 39.Qd8+ Kg6 40.Qe8+ Kf6 41.Qf8+ Kg6 42.Qe8+ Kh6
43.Qc8 g6 44.Qf8+ Kg5 45.Qe7+ Kh6 46.Qf8+ Kh5 47.Qf6 e5 48.Kg1 Qe3+ 49.Kh1 Qc1+
50.Kh2 Qf4+ 51.Qxf4 exf4 52.g4+ Kh4  0-1

[Event "XXX Nezhmetdinov Mem"]
[Site "Kazan RUS"]
[Date "2008.06.01"]
[Round "1"]
[White "Fedorov,Alex"]
[Black "Tokarev,I"]
[Result "1-0"]
[WhiteElo "2603"]
[BlackElo "2223"]

1.e4 e6 2.d4 d5 3.Nc3 Nf6 4.e5 Nfd7 5.f4 c5 6.Nf3 Nc6 7.Be3 Rb8 8.Qd2 Qa5
9.a3 b5 10.Ra2 c4 11.Be2 Nb6 12.b4 cxb3 13.cxb3 b4 14.axb4 Qxb4 15.O-O Be7
16.Qc2 Na8 17.Nb5  1-0

[Event "XXX Nezhmetdinov Mem"]
[Site "Kazan RUS"]
[Date "2008.06.03"]
[Round "3"]
[White "Solodovnichenko,Y"]
[Black "Tokarev,I"]
[Result "1-0"]
[WhiteElo "2538"]
[BlackElo "2223"]

1.e4 e6 2.d4 d5 3.Nc3 Nf6 4.e5 Nfd7 5.f4 c5 6.Nf3 Nc6 7.Be3 Rb8 8.Qd2 Qa5
9.a3 b5 10.Ra2 c4 11.f5 Be7 12.g3 O-O 13.Bh3 Nb6 14.f6 gxf6 15.exf6 Bxf6
16.O-O Bg7 17.Bh6 f6 18.Bxg7 Kxg7 19.Ng5 Nd8 20.Qe2 Rb7 21.Nxe6+ Nxe6 22.Bxe6 Bxe6
23.Qxe6 Rd7 24.Rf4 b4 25.axb4 Qxb4 26.Nxd5 Rxd5 27.Rxa7+ Kh8 28.Rxf6  1-0

[Event "XXX Nezhmetdinov Mem"]
[Site "Kazan RUS"]
[Date "2008.06.08"]
[Round "8"]
[White "Beliaev,Va"]
[Black "Imamov,I"]
[Result "0-1"]
[WhiteElo "2086"]
[BlackElo "2268"]

1.e4 e6 2.d4 d5 3.Nc3 Nf6 4.e5 Nfd7 5.f4 c5 6.Nf3 Nc6 7.Be3 cxd4 8.Nxd4 Bc5
9.Qd2 Qa5 10.Nb3 Bxe3 11.Qxe3 Qb6 12.Qg3 g6 13.O-O-O a6 14.h4 h5 15.Bd3 Ne7
16.Ne2 Nc5 17.Nbd4 Bd7 18.Kb1 Bb5 19.Bxb5+ axb5 20.Nc3 b4 21.Ncb5 Ne4 22.Qb3 Nc6
23.Nxc6 bxc6 24.Nd6+ Nxd6 25.exd6 c5 26.Rhe1 c4 27.Qf3 O-O 28.g4 Qa5 29.a3 bxa3
30.b3 a2+ 31.Ka1 hxg4 32.Qe3 cxb3 33.cxb3 Qa3 34.Qd3 Rab8 35.Rxe6 Rxb3 36.Rxg6+ Kh7
37.Rg5+ Rxd3 38.Rg1 Qc3+  0-1

[Event "ch-Panamerican U20 Girls"]
[Site "Cali COL"]
[Date "2008.06.11"]
[Round "2"]
[White "Herrera,Mil"]
[Black "Cori T.,D"]
[Result "0-1"]
[WhiteElo "2007"]
[BlackElo "2208"]

1.e4 e6 2.d4 d5 3.Nc3 Nf6 4.e5 Nfd7 5.f4 c5 6.Nf3 Nc6 7.Be3 a6 8.dxc5 Bxc5
9.Bxc5 Nxc5 10.Bd3 Qb6 11.Qd2 Bd7 12.O-O-O Rc8 13.Kb1 Nb4 14.Rc1 Qa5 15.f5 d4
16.Nxd4 Nxa2 17.fxe6 Bxe6 18.Nxe6 Nxe6 19.Rcf1 Nxc3+ 20.bxc3 Rc6 21.Qf2 O-O
22.Qh4 g6 23.Qe7 Rb6+ 24.Kc1 Qxe5 25.Rf3 Qxc3 26.Rhf1 Nd4 27.Bxg6 Nb3+  0-1

[Event "8th TCh-Euro U18"]
[Site "Szeged HUN"]
[Date "2008.06.16"]
[Round "3"]
[White "Vila Gazquez,X"]
[Black "Berczes,D"]
[Result "0-1"]
[WhiteElo "2418"]
[BlackElo "2453"]

1.e4 e6 2.d4 d5 3.Nc3 Nf6 4.e5 Nfd7 5.f4 c5 6.Nf3 Nc6 7.Be3 Be7 8.dxc5 Bxc5
9.Bxc5 Nxc5 10.Qd2 O-O 11.O-O-O Qa5 12.Kb1 Bd7 13.Bd3 Nb4 14.a3 Nbxd3 15.cxd3 Nb3
16.Qc2 Qb6 17.Ka2 Na5 18.Na4 Qe3 19.Qc5 Qxf4 20.Qxa5 Qxa4 21.Qc5 Rac8 22.Qe3 b5
23.Qd4 Rc2 24.Rc1 Rfc8 25.Qxa4 bxa4 26.Rxc2 Rxc2 27.Rg1 h6 28.Kb1 Rf2 29.Rc1 Bb5
30.Rc3 Rxg2 31.Nd4 a6 32.Nxb5 axb5 33.Rc5 Rxh2 34.Rxb5 g5 35.Rb4 h5 36.Rxa4 g4
37.Rf4 g3 38.Rf3 h4 39.Rf6 g2  0-1

[Event "8th TCh-Euro U18"]
[Site "Szeged HUN"]
[Date "2008.06.16"]
[Round "3"]
[White "Valmana Canto,J"]
[Black "Balog,I1"]
[Result "1-0"]
[WhiteElo "2389"]
[BlackElo "2415"]

1.e4 e6 2.d4 d5 3.Nc3 Nf6 4.e5 Nfd7 5.f4 c5 6.Nf3 b6 7.Be3 cxd4 8.Nxd4 Bb4
9.Bd3 Bxc3+ 10.bxc3 Nc5 11.O-O O-O 12.f5 Nxd3 13.cxd3 exf5 14.Rxf5 Bxf5 15.Nxf5 Qd7
16.Qg4 g6 17.e6 h5 18.Qg5 Qc7 19.Ne7+ Kg7 20.Qh6+ Kf6 21.Nxd5+  1-0

[Event "8th TCh-Euro U18 Girls"]
[Site "Szeged HUN"]
[Date "2008.06.20"]
[Round "6"]
[White "Osmanodja,F"]
[Black "Vojinovic,J"]
[Result "1-0"]
[WhiteElo "1984"]
[BlackElo "2217"]

1.e4 e6 2.d4 d5 3.Nc3 Nf6 4.e5 Nfd7 5.f4 c5 6.Nf3 Nc6 7.Be3 Rb8 8.Qd2 Qa5
9.dxc5 Bxc5 10.Nd4 Bxd4 11.Bxd4 b5 12.Ne2 b4 13.Be3 Nc5 14.Nd4 Ne7 15.Be2 Ba6
16.Bxa6 Qxa6 17.Qe2 Qxe2+ 18.Kxe2 Na4 19.Rhb1 O-O 20.Nb3 Rfc8 21.Kd3 Rc7
22.a3 Nc6 23.Bd2 bxa3 24.Rxa3 Nb4+ 25.Bxb4 Rxb4 26.g3 h6 27.c3 Re4 28.Nd4 Rc4
29.b4 Nxc3 30.Rxc3 Rexd4+ 31.Kc2 Rxb4 32.Ra1 Ra4 33.Rca3 Rxa3 34.Rxa3 Re4
35.Kd3 Rb4 36.Rxa7 Rb2 37.Ra8+ Kh7 38.Rf8 Kg6 39.h4 Rb3+ 40.Ke2 Rxg3 41.h5+ Kxh5
42.Rxf7 Kg6 43.Re7 Kf5 44.Rf7+ Ke4 45.f5 Kxe5  1-0

[Event "IV Open"]
[Site "Sort ESP"]
[Date "2008.06.27"]
[Round "5"]
[White "Kogan,Ar"]
[Black "Bruno,Fabi"]
[Result "0-1"]
[WhiteElo "2570"]
[BlackElo "2450"]

1.e4 e6 2.d4 d5 3.Nc3 Nf6 4.e5 Nfd7 5.f4 c5 6.Nf3 Nc6 7.Be3 Be7 8.Be2 a6
9.O-O b5 10.a3 O-O 11.dxc5 Nxc5 12.Qe1 Bb7 13.Rd1 Qc7 14.Qg3 Ne4 15.Nxe4 dxe4
16.Ng5 Rad8 17.b4 Rxd1 18.Bxd1 Nd8 19.Bd4 Qc4 20.Qe3 Nc6 21.Ba1 Rd8 22.Bh5 g6
23.Bg4 Nxb4 24.axb4 Bxb4 25.Qc1 Rd2 26.c3 Bc5+ 27.Kh1 h6 28.Re1 e3 29.Nf3 Qxf4
30.h3 h5 31.Rf1 Qg3 32.Qe1  0-1

[Event "1st Tournoi Circuit Espoirs Europe"]
[Site "Lyon FRA"]
[Date "2008.06.28"]
[Round "8"]
[White "Milliet,S"]
[Black "Feller,S"]
[Result "1/2-1/2"]
[WhiteElo "2354"]
[BlackElo "2540"]

1.e4 e6 2.d4 d5 3.Nc3 Nf6 4.e5 Nfd7 5.f4 c5 6.Nf3 Nc6 7.Be3 cxd4 8.Nxd4 Bc5
9.Qd2 a6 10.O-O-O O-O 11.Qf2 Bxd4 12.Bxd4 b5 13.Be3 b4 14.Na4 a5 15.h4 Ba6
16.h5 Bxf1 17.Rhxf1 Qb8 18.h6 g6 19.g4 Qb5 20.Nc5 Nxc5 21.Bxc5 Rfe8 22.f5 exf5
23.gxf5 Qb7 24.e6 fxe6 25.fxe6 Re7 26.Bxe7 Qxe7 27.Qf7+ Qxf7 28.exf7+ Kf8
29.Rxd5 Ne7 30.Re5 Nf5 31.Rexf5 gxf5 32.Rxf5 Ra6 33.c4 bxc3 34.bxc3 a4 35.Kb2 Rxh6
36.Ka3 Rh2 37.c4 Rc2 38.c5 Rc4 39.Kb2 h6 40.a3 h5 41.Rxh5 Kxf7 42.Rh7+ Ke6
43.Rc7 Kd5 44.Ra7 Kxc5 45.Rc7+  1/2-1/2

[Event "CSOB IM CUP"]
[Site "Mlada Boleslav CZE"]
[Date "2008.07.01"]
[Round "7"]
[White "Praznik,A"]
[Black "Urban,Z"]
[Result "1-0"]
[WhiteElo "2241"]
[BlackElo "2130"]

1.e4 e6 2.d4 d5 3.Nc3 Nf6 4.e5 Nfd7 5.Nf3 c5 6.Bb5 a6 7.Bxd7+ Bxd7 8.Be3 cxd4
9.Qxd4 Nc6 10.Qg4 Rc8 11.O-O b5 12.Ne2 h5 13.Qg3 Ne7 14.Ned4 Ng6 15.h4 Bc5
16.c3 O-O 17.Bg5 Qb6 18.Nb3 b4 19.Nxc5 Qxc5 20.Be3 Qe7 21.Bd4 bxc3 22.bxc3 Bb5
23.Rfb1 Rb8 24.Ng5 Rfc8 25.Rb2 Rc4 26.a4 Rxa4  1-0

[Event "Helmut Kohl IM"]
[Site "Dortmund GER"]
[Date "2008.07.02"]
[Round "5"]
[White "Van der Weide,K"]
[Black "Fiebig,T"]
[Result "1/2-1/2"]
[WhiteElo "2482"]
[BlackElo "2400"]

1.e4 e6 2.d4 d5 3.Nc3 Nf6 4.e5 Nfd7 5.f4 c5 6.Nf3 Nc6 7.Be3 Be7 8.Be2 O-O
9.Qd2 Qa5 10.Rd1 f6 11.exf6 Nxf6 12.dxc5 Bxc5 13.Bxc5 Qxc5 14.Nd4 e5 15.Nb3 Qd6
16.O-O Be6 17.fxe5 Nxe5 18.Nd4  1/2-1/2

[Event "XII Izmailov Mem"]
[Site "Tomsk RUS"]
[Date "2008.07.03"]
[Round "9"]
[White "Kokarev,Dm"]
[Black "Temirbayev,S"]
[Result "1-0"]
[WhiteElo "2579"]
[BlackElo "2485"]

1.e4 e6 2.d4 d5 3.Nc3 Nf6 4.e5 Nfd7 5.f4 c5 6.Nf3 Nc6 7.Be3 a6 8.Qd2 b5 9.a3 Qb6
10.Ne2 Bb7 11.dxc5 Bxc5 12.Nfd4 Nxd4 13.Nxd4 f6 14.b4 Bxd4 15.Bxd4 Qc6 16.Bd3 O-O
17.O-O fxe5 18.fxe5 Rxf1+ 19.Rxf1 Rf8 20.Re1 Qc8 21.Qg5 Rf7 22.Qh5 Nf8 23.Re3 Qc7
24.Rh3 g6 25.Qh6 Bc6 26.Rg3 Be8 27.h4 Rg7 28.Qf4 Qf7 29.Qf6 Qxf6 30.exf6 Rb7
31.Re3 Kf7 32.g4 Kg8 33.g5 Bf7 34.Kf2 Nd7 35.c3 Nb8 36.Be2 Rc7 37.Bg4 Rc6
38.Bd1 Rc8 39.a4 Nc6 40.axb5 axb5 41.Be2 Rb8 42.Bg4 Re8 43.Bc5 h5 44.Bh3 Kh7
45.Re1 Kg8 46.Kg3 Nb8 47.Bf1 Rc8 48.Bxb5  1-0

[Event "5th Sth Wales Int"]
[Site "Trefforst WLS"]
[Date "2008.07.06"]
[Round "2"]
[White "Storey,Ch"]
[Black "Cobb,J"]
[Result "0-1"]
[WhiteElo "2268"]
[BlackElo "2432"]

1.e4 e6 2.d4 d5 3.Nc3 Nf6 4.e5 Nfd7 5.Nce2 c5 6.c3 Nc6 7.f4 f6 8.Nf3 Qb6
9.a3 Be7 10.b4 cxd4 11.cxd4 O-O 12.Qd3 Qd8 13.Be3 Nb6 14.Nd2 Bd7 15.g4 fxe5
16.dxe5 Bh4+ 17.Kd1 d4 18.Bg1 Nxe5 19.fxe5 Ba4+ 20.Kc1 Rc8+ 21.Kb2 Rc2+ 22.Qxc2 Bxc2
23.Bg2 Na4+ 24.Ka2 Nc3+ 25.Nxc3 dxc3 26.Nb3 Qd3 27.Bc5 Qc4 28.Rab1 Rd8  0-1

[Event "Kings Gambit A"]
[Site "Lipetsk RUS"]
[Date "2008.07.10"]
[Round "2"]
[White "Danin,A"]
[Black "Vysochin,S"]
[Result "1/2-1/2"]
[WhiteElo "2469"]
[BlackElo "2514"]

1.e4 e6 2.d4 d5 3.Nc3 Nf6 4.e5 Nfd7 5.f4 c5 6.Nf3 Nc6 7.Be3 Be7 8.Qd2 O-O
9.Be2 a6 10.O-O b5 11.a3 Qb6 12.dxc5 Bxc5 13.Bxc5 Nxc5 14.Kh1 d4 15.Nd1 Rd8
16.b4 Na4 17.Bd3 Ne7 18.Qf2 h6 19.Nh4 Nf5 20.Re1 Rb8 21.Kg1 Nc3 22.Bxf5 Nxd1
23.Raxd1 exf5 24.c3 Be6 25.cxd4 Rbc8 26.d5 Qxf2+ 27.Kxf2 Rxd5 28.Rxd5 Bxd5
29.Nxf5 Rc2+ 30.Re2 Rxe2+ 31.Kxe2 Bxg2 32.Ke3 Bh3 33.Nd6 Kf8 34.Ne4 Ke7 35.Nc5 Bc8
36.h4 f6 37.Ke4 Kf7 38.f5 fxe5 39.Kxe5 Ke7 40.Ne4 Bb7 41.Nc5 Bc8 42.h5 Kf8
43.Ne6+ Kf7 44.Nc5 Ke7 45.Ne4 Bb7 46.f6+ gxf6+ 47.Nxf6 Kf7 48.Ng4 Kg7 49.Ne3 Bf3
50.Nf5+ Kh7 51.Ng3 Kg7 52.Kf4 Bd1 53.Kf5 Bc2+ 54.Ke5 Bd1 55.Ke6 Bf3 56.Ke5 Bd1
57.Kf4 Kh7 58.Kf5 Kg7 59.Kf4 Kh7  1/2-1/2